000 00927nam a2200241Ia 4500
003 GCL
008 140319s9999 xx 000 0 ara d
020 _a176048977
040 _aGCL /
_cGCL
082 0 4 _a953.121
_bم ت
100 1 _aمسعود محمد آل زيد
245 1 0 _aتاريخ مكة المكرمة فى عهد الاشراف آل يزيد ( 1041 - 1299 هـ \ 1631- 1881 م ) /
_cمسعود محمد آل زيد
260 _aالقاهرة :
_bدار القاهرة ،
_c2005
300 _a398 ص ؛
_c28 سم
650 0 4 _aالامراء السعوديون
650 0 4 _aمكة المكرمة - تاريخ
650 0 4 _aمسعود محمد ال زيد
650 0 4 _aالنقود - مكة المكرمة
650 0 4 _aمكة المكرمة - اوقاف
650 0 4 _aالتعليم - مكة المكرمة
650 0 4 _aالسعودية - تاريخ - العصر الحديث
942 _2ddc
_cBK
999 _c50866
_d50866